UBT Library

The immune system / (Record no. 40187)

000 -LEADER
fixed length control field 00865cam a22002894a 4500
001 - CONTROL NUMBER
control field 15391653
005 - DATE AND TIME OF LATEST TRANSACTION
control field 20180112044205.0
008 - FIXED-LENGTH DATA ELEMENTS--GENERAL INFORMATION
fixed length control field 080731s2009 enka 001 0 eng
010 ## - LIBRARY OF CONGRESS CONTROL NUMBER
LC control number 2008034011
015 ## - NATIONAL BIBLIOGRAPHY NUMBER
National bibliography number GBA8D7169
Source bnb
016 7# - NATIONAL BIBLIOGRAPHIC AGENCY CONTROL NUMBER
Record control number 101480340
Source DNLM
016 7# - NATIONAL BIBLIOGRAPHIC AGENCY CONTROL NUMBER
Record control number 014845573
Source Uk
020 ## - INTERNATIONAL STANDARD BOOK NUMBER
International Standard Book Number 9780815341468
020 ## - INTERNATIONAL STANDARD BOOK NUMBER
International Standard Book Number 0815341466
035 ## - SYSTEM CONTROL NUMBER
System control number (OCoLC)ocn240989634
040 ## - CATALOGING SOURCE
Original cataloging agency DNLM/DLC
Transcribing agency DLC
Modifying agency NLM
-- BTCTA
-- YDXCP
-- UKM
-- C#P
-- BWX
-- CDX
-- AGL
-- DLC
041 ## - LANGUAGE CODE
Language code of text/sound track or separate title eng
042 ## - AUTHENTICATION CODE
Authentication code pcc
080 ## - UNIVERSAL DECIMAL CLASSIFICATION NUMBER
Universal Decimal Classification number 575
082 ## - DEWEY DECIMAL CLASSIFICATION NUMBER
Edition number 575 PAR
100 1# - Rafti
Rafti 9
101 ## - Shkurtesa
Shkurtesa IMU
245 14 - TITLE STATEMENT
Title The immune system /
Statement of responsibility, etc Peter Parham.
906 ## - LOCAL DATA ELEMENT F, LDF (RLIN)
a 7
b cbc
c orignew
d 1
e ecip
f 20
g y-gencatlg
942 ## - ADDED ENTRY ELEMENTS (KOHA)
Source of classification or shelving scheme
Item type Books
Holdings
Withdrawn status Lost status Source of classification or shelving scheme Damaged status Not for loan Collection code Permanent location Current location Shelving location Date acquired Total Checkouts Full call number Barcode Date last seen Price effective from Koha item type
          Koleksioni i përgjithshem UBT - Lipjan UBT - Lipjan Koleksioni i përgjithshem 01/12/2018   575 IMU 002-2995274 01/12/2018 01/12/2018 Books
UBT Library © 2015-2024. All rights reserved University Education for Business and Technology